<?xml version="1.0" encoding="UTF-8"?>
<collection xmlns="http://www.loc.gov/MARC21/slim">
    <record>
        <controlfield tag="001">46844</controlfield>
        <controlfield tag="005">20170831220548.0</controlfield>
        <datafield tag="037" ind1=" " ind2=" ">
            <subfield code="a">GDOC-2011-1935</subfield>
        </datafield>
        <datafield tag="041" ind1=" " ind2=" ">
            <subfield code="a">spa</subfield>
        </datafield>
        <datafield tag="100" ind1=" " ind2=" ">
            <subfield code="0">(orcid)0000-0003-2591-0337</subfield>
            <subfield code="a">Gaspar Lera, Silvia</subfield>
        </datafield>
        <datafield tag="245" ind1="0" ind2="0">
            <subfield code="9">68214</subfield>
            <subfield code="a">Matrimonio, uniones de hecho y crisis de pareja</subfield>
        </datafield>
        <datafield tag="260" ind1=" " ind2=" ">
            <subfield code="a">Zaragoza</subfield>
            <subfield code="b">Universidad de Zaragoza</subfield>
            <subfield code="c">2011-2012</subfield>
        </datafield>
        <datafield tag="520" ind1=" " ind2=" ">
            <subfield code="a">La Asignatura tiene por finalidad proporcionar al estudiante los elementos necesarios para abordar la regulación legal del matrimonio, de las uniones de hecho, y de las crisis de pareja, desde la perspectiva del ordenamiento interno y comparado, así como la dimensión de Derecho Internacional Privado. Todo ello con un enfoque interdisciplinar.</subfield>
        </datafield>
        <datafield tag="521" ind1=" " ind2=" ">
            <subfield code="9">645</subfield>
            <subfield code="a">Máster Universitario en Especialización e Investigación en Derecho</subfield>
        </datafield>
        <datafield tag="540" ind1=" " ind2=" ">
            <subfield code="a">by-nc-sa</subfield>
            <subfield code="b">Creative Commons</subfield>
            <subfield code="c">3.0</subfield>
            <subfield code="u">http://creativecommons.org/licenses/by-nc-sa/3.0/</subfield>
        </datafield>
        <datafield tag="700" ind1=" " ind2=" ">
            <subfield code="0">(orcid)0000-0001-6438-3475</subfield>
            <subfield code="a">Tena Piazuelo, Isaac José</subfield>
        </datafield>
        <datafield tag="700" ind1=" " ind2=" ">
            <subfield code="0">(orcid)0000-0003-4693-0564</subfield>
            <subfield code="a">Ferrer Ortiz, Francisco Javier</subfield>
        </datafield>
        <datafield tag="700" ind1=" " ind2=" ">
            <subfield code="0">(orcid)0000-0002-7128-1407</subfield>
            <subfield code="a">Zabalo Escudero, María Elena</subfield>
        </datafield>
        <datafield tag="830" ind1=" " ind2=" ">
            <subfield code="9">315</subfield>
        </datafield>
        <datafield tag="856" ind1="4" ind2=" ">
            <subfield code="s">111007</subfield>
            <subfield code="u">http://zaguan.unizar.es/record/46844/files/guia.pdf</subfield>
            <subfield code="y">Guía (idioma español)</subfield>
        </datafield>
        <datafield tag="980" ind1=" " ind2=" ">
            <subfield code="a">GDOC</subfield>
            <subfield code="b">Ciencias sociales</subfield>
            <subfield code="c">102</subfield>
        </datafield>
    </record>

    
</collection>